| 000 | 00811naa a22002057i 4500 | ||
|---|---|---|---|
| 001 | 232595 | ||
| 003 | ES-MaBCM | ||
| 005 | 20260304143143.0 | ||
| 008 | 260304s2025 sp ||||| |||| 00| 0 spa d | ||
| 040 | _cES-MaBCM | ||
| 100 | 1 |
_aRamos Josa, Pedro Francisco _9124401 |
|
| 245 | 1 | 0 |
_aImplicaciones del componente motivacional sobre la lucha contra el crimen organizado = _bImplications of the motivational component on the fight against organized crime _cPedro Francisco Ramos Josa |
| 500 | _aContiene tablas | ||
| 500 | _aContiene gráficos | ||
| 504 | _aIncluye bibliografía | ||
| 650 | 0 |
_aCrimen organizado _9124860 |
|
| 650 | 7 |
_aDerecho penal _958346 |
|
| 773 | 0 |
_dSevilla _gVol. 10, n. 1 (2025), 21 p. - Loc. En línea _tRevista de pensamiento estratégico y seguridad CISDE _w214290 |
|
| 942 |
_2udc _cAREV |
||
| 999 |
_c232595 _d232595 |
||